000 00444nam a22001817a 4500
003 NUST-PNEC
005 20170116181139.0
008 141113b xxu||||| |||| 00| 0 eng d
020 _a0130882631
020 _a812032384X
040 _cLIBRARY
082 _a004.6 STA
100 _970
_aStallings William
245 _aBusiness data communications
_cWilliam Stallings
250 _a2nd ed.
650 _xComputer, MIS
942 _2ddc
_cBK
999 _c70424
_d70424